|
|
|
|
| LEADER |
01792nam a2200469 4500 |
| 001 |
on1129708006 |
| 003 |
OCoLC |
| 005 |
20200326101206.0 |
| 006 |
m o d |
| 007 |
cr cnu---unuuu |
| 008 |
191115s2019 enk ob 000 0 eng d |
| 040 |
|
|
|a UKMGB
|b eng
|e rda
|e pn
|c UKMGB
|d OCLCO
|d OPELS
|d OCLCF
|d N$T
|d YDXIT
|d GrThAP
|
| 015 |
|
|
|a GBB9I9318
|2 bnb
|
| 016 |
7 |
|
|a 019616717
|2 Uk
|
| 020 |
|
|
|a 9780128217955
|q electronic book
|
| 020 |
|
|
|a 0128217952
|q electronic publication
|
| 020 |
|
|
|a 9780128217948
|q hardcover
|
| 035 |
|
|
|a (OCoLC)1129708006
|
| 050 |
|
4 |
|a QL430.6
|b .A38 2019
|
| 050 |
|
4 |
|a QH91
|
| 082 |
0 |
4 |
|a 578.77
|2 23
|
| 245 |
0 |
0 |
|a Advances in marine biology.
|n Volume eighty four /
|c edited by Charles Sheppard.
|
| 250 |
|
|
|a First edition.
|
| 264 |
|
1 |
|a London ;
|a San Diego, CA :
|b Academic Press,
|c 2019.
|
| 300 |
|
|
|a 1 online resource (xxv, 98 pages)
|
| 336 |
|
|
|a text
|b txt
|2 rdacontent
|
| 337 |
|
|
|a computer
|b c
|2 rdamedia
|
| 338 |
|
|
|a online resource
|b cr
|2 rdacarrier
|
| 504 |
|
|
|a Includes bibliographical references.
|
| 505 |
0 |
|
|a 1. Predatory marine bivalves: a review / Brian Morton and Fabrizio Marcondes Machado.
|
| 588 |
|
|
|a Description based on online resource; title from digital title page (viewed on March 04, 2020).
|
| 650 |
|
0 |
|a Bivalves.
|
| 650 |
|
0 |
|a Predatory aquatic animals.
|
| 650 |
|
0 |
|a Marine invertebrates.
|
| 650 |
|
0 |
|a Marine biology.
|
| 650 |
|
7 |
|a Marine biology.
|2 fast
|0 (OCoLC)fst01009447
|
| 655 |
|
4 |
|a Electronic books.
|
| 700 |
1 |
|
|a Sheppard, Charles
|q (Charles R. C.),
|e editor.
|
| 700 |
1 |
|
|a Morton, Brian,
|e author.
|
| 700 |
1 |
|
|a Machado, Fabrizio Marcondes,
|e author.
|
| 776 |
0 |
8 |
|i Print version:
|z 9780128217948
|
| 856 |
4 |
0 |
|3 ScienceDirect
|u https://www.sciencedirect.com/science/bookseries/00652881/84
|z Full Text via HEAL-Link
|